El mito del Estado /

Ernst Cassirer (1874-1945) filósofo alemán, abandona Alemania debido a su orígen judío, se traslada primero a Suecia y después a Estados Unidos. Concibe la filosofía como reflexión orientada a aclarar las modalidades de constitución de la cultura humana; persiguió un ideal de síntesis unitaria en la...

Descripción completa

Guardado en:
Detalles Bibliográficos
Autor principal: Cassirer, Ernst (autor)
Otros autores: Nicol, Eduardo (traducción) (traducción)
Formato: Libro
Idioma:Español
Publicado: México : Fondo de Cultura Económica, 1968, c1947
Edición:2a edición
Colección:(Colección Popular ; 90)
Temas:
Etiquetas: Agrega una etiqueta
Sin etiquetas, Sé el primero en etiquetar este registro!

MARC

LEADER 00000nam^a2200000^a^4500
001 000165756
005 20250521000000.0
009 20260310101028.85
037 |a Acervo ITESO - Biblioteca 
041 |a ESP 
082 |a 320. 012  |b CAS 
100 |a Cassirer, Ernst  |e (autor) 
245 1 3 |a El mito del Estado /  |c E. Cassirer ; tr. por E. Nicol. 
250 |a 2a edición 
264 4 |a México :  |b Fondo de Cultura Económica,  |c 1968, c1947 
300 |a 362 p. 
336 |a texto  |b txt  |2 rdacontenido 
337 |a sin mediación  |b n  |2 rdamedio 
338 |a volumen  |b nc  |2 rdasoporte 
440 1 |a (Colección Popular ;  |v 90) 
500 |a Traducción de: The Myth of State 
520 |a Ernst Cassirer (1874-1945) filósofo alemán, abandona Alemania debido a su orígen judío, se traslada primero a Suecia y después a Estados Unidos. Concibe la filosofía como reflexión orientada a aclarar las modalidades de constitución de la cultura humana; persiguió un ideal de síntesis unitaria en la cual las investigaciones de la historia del pensamiento y las propiamente teóricas resultan complementarias. En El mito del Estado hace un análisis del mito y el repaso histórico de sus flujos y reflujos en la teoría política que permiten plantear el "mito del siglo XX" y deducir las consecuencias de que la cultura humana no es en modo alguno la cosa firmemente establecida que se creía. 
649 |a XX 
650 |a Estado, El -  |x Teoría -  |x Tema Principal 
650 |a Mito Político 
650 |a Neokantismo 
650 |a Filosofía Política 
650 |a Filosofía del Siglo XX 
650 |a Política -  |x Teoría 
700 |a Nicol, Eduardo  |e (traducción) 
910 |a Fondo Armando Suárez Gómez 
920 |a Impresos - Libros 
930 |a Fondos Especiales 
905 |a 111 
901 |a 0700007018  |b IT2  |c ESP  |u 20250521 
902 |a https://opac.biblio.iteso.mx/vufind/Record/000165756